00421nam a2200157Ia 4500008004100000020001800041040001900059041001200078082002300090100001500113245004700128260003100175300002100206650002000227850001600247131103s9999 xx 000 0 und d a0 451 16396 6 aLoreto College aEnglish aF/KESbLCBED/11784 aKesey, Ken aOne flew over the cuckoo's nestcKen Kesey aLondonbSignet Booksc1962 a272 p. c 20 cm. aEnglish fiction aLCBED/F/KES